| 000 | 00790nam a2200277 a 4500 | ||
|---|---|---|---|
| 001 | vtls001670614 | ||
| 003 | NLI | ||
| 005 | 20210628145703.0 | ||
| 008 | 130206s2007 ii 000 0 mal | ||
| 020 |
_a8122606709 : _cRs. 35.00 |
||
| 039 | 9 |
_y201302061531 _zVLOAD |
|
| 040 | 0 |
_a NLI _b eng _cENTERTECH - MALAYALAM _e AACR2 |
|
| 041 | 0 | _amal | |
| 044 | _aii | ||
| 082 | 0 | 4 | _a808.882 |
| 245 | 0 | 0 |
_aUddharanikal Manosukhattinu / _cedited by A. N. P. Ummerkutty |
| 260 |
_aThrissur : _bBurrent Books, _c2007 |
||
| 300 |
_a64 p. ; _c21 cm. |
||
| 500 | _aCollection of quotations by various great men | ||
| 650 | 0 | _aQuotations | |
| 700 | 1 |
_aUmmerkutty, A. N. P., _4edt _9783855 |
|
| 887 | _a | ||
| 901 |
_a39789 _b01.08.2008 |
||
| 902 | _aMal 808.882 U 157 | ||
| 942 |
_2ddc _cBKS |
||
| 999 |
_c1119084 _d1119084 |
||